000 00854nam a2200229Ia 4500
001 9543
003 GE_BSU
008 181216s||||||||xx |||||||||||||| ||und||
020 _a5529001610
040 _cGE_BSU
080 _a821.353.1-32+821.353.1-4+821.353.1-31
100 _aმრელაშვილი,ლადო
245 _aმუცოს,თორღვაის კარზედა
245 _bმოთხრობები,ნარკვევები,რომანი
245 _cრედ.ქ.კვინტრაძე,მხატვ.ზ.დეისაძე.
260 _aთბილისი
260 _bსაბჭოთა საქართველო
260 _c1988
300 _a950გვ.ილ.20სმ.
653 _aმუცოს,თორღვაის კარზედა
942 _cBK
999 _c42837
_d42837